Tracklist Album - Damso / Ipséité - Statistiques

Statistiques générales
  • Ce quiz a été pris 240 fois
  • Le résultat moyen est 10 sur 14
Statistiques - réponses
Indice Réponse % Correct
Θ Macarena
90%
Γ Mosaïque solitaire
86%
Α Nwaar Is The New Black
77%
Ζ Kietu
76%
Ξ Une âme pour deux
74%
Ε Signaler
72%
Δ Dieu ne ment jamais
69%
Η Gova
66%
Κ Kin la belle
66%
Ι Peur d'être père (Ft. Youri Botterman)
62%
Λ Lové
61%
Ν J Respect R
60%
Μ Noob Saibot
52%
Β #QuedusaalVie
48%
Aucun quiz correspondant
Distribution des résultats
% des personnes avec chaque résultat
Percentile par nombre de réponses
Votre historique - résultats
Vous n’avez pas pris ce quiz